Mestský polyfunkčný komplex Cvernovka, Bratislava

Saved in:
Bibliographic Details
Main Author: Kubaliaková, Radka (Author)
Other Authors: Tóthová, Zuzana (Thesis advisor)
Format: Manuscript Book
Language:Slovak
Published: Bratislava 2017
Subjects:
Online Access:http://is.stuba.sk/zp/portal_zp.pl?podrobnosti=128305
Tags: Add Tag
No Tags, Be the first to tag this record!

MARC

LEADER 00000ntm a22000003a 4500
001 stuzp63601
003 SK-STU
005 20210210093222.7
007 ta
008 150427s2015----xo-----f-mn---000-0-slo-d
040 |a STU  |b slo 
041 0 |a slo 
100 1 |a Kubaliaková, Radka  |u 051110  |4 aut  |U FAD Fakulta architektúry  |T FA Ústav architektúry obytných budov  |X 61945  |U A1110  |Y 392  |7 61945 
242 0 1 |a Cvernovka Housing  |y eng 
245 1 0 |a Mestský polyfunkčný komplex Cvernovka, Bratislava 
260 |c 2017  |a Bratislava 
650 4 |a Cvernovka housing  |2 slo 
650 4 |a bývanie  |2 slo 
650 4 |a polyfunkčný bytový dom  |2 slo 
650 4 |a housing  |2 eng 
650 4 |a multi-purpose residential house  |2 eng 
650 4 |a Cvernovka housing  |2 eng 
700 1 |a Tóthová, Zuzana  |u 051110  |k Z1  |4 ths  |U FAD Fakulta architektúry  |T FA Ústav architektúry obytných budov  |X 389  |U A1110  |Y 392  |7 A000000389 
856 4 |u http://is.stuba.sk/zp/portal_zp.pl?podrobnosti=128305  |u https://opac.crzp.sk/?fn=detailBiblioForm&sid=4CB0668AE2C8F277B3A3A8AC843C